Green functors and G-sets

Αποθηκεύτηκε σε:
Λεπτομέρειες βιβλιογραφικής εγγραφής
Κύριος συγγραφέας: Bouc, Serge 1955-
Μορφή: Βιβλίο
Γλώσσα:English
Δημοσίευση: Berlin ; Heidelberg : Springer, c1997
Σειρά:Lecture notes in mathematics (Springer-Verlag) ; 1671
Θέματα:
Ετικέτες: Προσθήκη ετικέτας
Δεν υπάρχουν, Καταχωρήστε ετικέτα πρώτοι!

MARC

LEADER 00000nam a2200000 i 4500
001 1/92863
008 991116s1997 eng d
020 |a 3540635505 
035 |l 10054206 
040 |a GR-MY-UA  |b gre  |e aacr 
041 0 |a eng 
082 0 |a 512.55 
100 1 |a Bouc, Serge  |d 1955- 
245 1 0 |a Green functors and G-sets /  |c Serge Bouc 
260 |a Berlin ; Heidelberg :   |b Springer,   |c c1997 
300 |a 342 p.;  |c 24 cm. 
490 1 |a Lecture notes in mathematics (Springer-Verlag)  |v ; 1671 
500 |a Includes bibliographical references and index 
650 0 0 |a Green functors. 
650 0 0 |a Group rings. 
650 0 0 |a Finite groups. 
830 0 |a Lecture notes in mathematics (Springer-Verlag)  |v ; 1671 
852 |a INST  |b SAMOS  |e 19991116  |h 512.55 BOU  |p 005300017037  |q 005300017037  |t BK  |y 0 
901 |a BIBL3-1999-3 
909 |a Σ  |b 067307 
922 |a 3ΕΛΗ  |b 199909  |c ΕΠΕΑΕΚ/ΜΑΘ  |d ΠΑΠΑΣΩΤΗΡΙΟΥ 
970 |a ΓΕΝΟΥΖΟΥ  |b ΧΡΥΣΑΝΘΗ  |z 1999/11/16